000 00679nam a2200145 4500
008 709.81 M929r
020 _a9788577340453
082 _a709.81
_bM929r
100 _aMourão, Raul
_96401
245 _aArte Bra
260 _aRio de Janeiro
_bCasa da Palavra Produção Editorial
_c2007
300 _a176 p.
_bill (col)
_c20.5 x 13.5 cm
505 _tApresentação
_rLuiza Mello
_tA gentil arte de burlar
_rPaulo Henkerhoff
_tOs signos ásperos
_rAgnaldo Farias
_tPequenas Frações
_rPaulo Venancio Filho
_tTextos do artista
_tEntrevista
_tCronologia
_tReferências bibliográficas
650 _xarte contemporáneo
_xBrasil
_xarte - pintura
_xarte - crítica e interpretación
_xMourão, Raul
_96402
999 _c1497
_d1497